|
|
|
|
| LEADER |
00000nam0a2200000 4500 |
| 001 |
281309 |
| 005 |
20231031232740.0 |
| 035 |
|
|
|a (RuTPU)RU\TPU\book\305012
|
| 090 |
|
|
|a 281309
|
| 100 |
|
|
|a 20150121d1986 m y0rusy50 ca
|
| 101 |
0 |
|
|a rus
|
| 102 |
|
|
|a RU
|
| 105 |
|
|
|a a j 000zy
|
| 200 |
1 |
|
|a Интенсификация производства
|e учебное пособие для рабочих промышленности и других отраслей
|f под ред. В. А. Белянова, Ю. П. Чаплыгина
|
| 210 |
|
|
|a Москва
|c Профиздат
|d 1986
|
| 215 |
|
|
|a 256 с.
|c ил.
|
| 606 |
1 |
|
|a Интенсификация производства
|2 stltpush
|3 (RuTPU)RU\TPU\subj\12813
|
| 610 |
1 |
|
|a экономическая политика
|
| 610 |
1 |
|
|a научно-технический прогресс
|
| 610 |
1 |
|
|a ускорение
|
| 610 |
1 |
|
|a производительность
|
| 610 |
1 |
|
|a труд
|
| 610 |
1 |
|
|a материальные ресурсы
|
| 610 |
1 |
|
|a экономия
|
| 610 |
1 |
|
|a производственные фонды
|
| 610 |
1 |
|
|a продукция
|
| 610 |
1 |
|
|a качество
|
| 610 |
1 |
|
|a рациональное природопользование
|
| 610 |
1 |
|
|a социальные факторы
|
| 610 |
1 |
|
|a задачи
|
| 610 |
1 |
|
|a учебные пособия
|
| 675 |
|
|
|a 658.011.46(075)
|v 3
|
| 702 |
|
1 |
|a Белянов
|b В. А.
|4 340
|
| 702 |
|
1 |
|a Чаплыгин
|b Ю. П.
|4 340
|
| 801 |
|
1 |
|a RU
|b 63413507
|c 20150121
|
| 801 |
|
2 |
|a RU
|b 63413507
|c 20170119
|g RCR
|
| 942 |
|
|
|c BK
|